[Event "ch-NOR 2013"]
[Site "Lillehammer NOR"]
[Date "2013.07.02"]
[Round "5.3"]
[White "Johannessen, Leif Erlend"]
[Black "Getz, Nicolai"]
[Result "1-0"]
[WhiteTitle "GM"]
[BlackTitle "IM"]
[WhiteElo "2520"]
[BlackElo "2359"]
[WhiteFideId "1501674"]
[BlackFideId "1505572"]
[EventDate "2013.06.29"]

1. c4 g6 2. d4 c5 3. d5 Bg7 4. e4 d6 5. Bd3 e6 6. Nf3 Ne7 7. O-O O-O 8. Nc3 a6
9. h3 exd5 10. exd5 h6 11. Re1 Nf5 12. Bf4 g5 13. Bh2 Bxc3 14. bxc3 Ng7 15. Nd2
f5 16. f4 b6 17. Re3 Ra7 18. Qe2 Qf6 19. Rf1 Qg6 20. Re7 Rxe7 21. Qxe7 Qf6 22.
Qxf6 Rxf6 23. fxg5 hxg5 24. g4 f4 25. Nf3 Nd7 26. Nxg5 Ne5 27. Be2 Ng6 28. Ne4
Rf8 29. Nxd6 Bd7 30. Bd3 Ne5 31. Be4 Ne8 32. Nxe8 Rxe8 33. Rxf4 Nxc4 34. Bg6
Re1+ 35. Kf2 1-0

[Event "ch-NOR 2013"]
[Site "Lillehammer NOR"]
[Date "2013.07.02"]
[Round "5.4"]
[White "Elsness, Frode"]
[Black "Lie, Espen"]
[Result "1-0"]
[WhiteTitle "IM"]
[BlackTitle "IM"]
[WhiteElo "2494"]
[BlackElo "2457"]
[WhiteFideId "1501100"]
[BlackFideId "1502611"]
[EventDate "2013.06.29"]

1. d4 d5 2. c4 e6 3. Nc3 c5 4. cxd5 exd5 5. Nf3 Nc6 6. dxc5 d4 7. Na4 b5 8. cxb6
axb6 9. e3 Bb4+ 10. Bd2 dxe3 11. Bxb4 Qxd1+ 12. Rxd1 Nxb4 13. Bb5+ Ke7 14. Nxb6
Ba6 15. Rd7+ Kf6 16. Nxa8 Bxb5 17. Rb7 Nd3+ 18. Ke2 Nf4+ 19. Kxe3 Nxg2+ 20. Kd2
Bc6 21. Rb6 Ne7 22. Nc7 Rd8+ 23. Kc1 Kf5 24. Rxc6 Nxc6 25. Rd1 Kf4 26. Rxd8 Nxd8
27. Nd4 Ke4 28. Ncb5 h5 29. a4 Kd5 30. a5 Nc6 31. a6 Nf4 32. Kd2 Kc5 33. b4+ Kb6
34. Nxc6 Kxc6 35. Nc3 Ne6 36. b5+ Kb6 37. Nd5+ Ka7 38. Kc3 f5 39. Kb4 Nd4 40.
Kc5 Nb3+ 41. Kc4 Nd2+ 42. Kb4 g5 43. Ne7 f4 44. Nc8+ Ka8 45. b6 Ne4 46. Kb5 Kb8
47. Kc6 1-0

[Event "ch-NOR 2013"]
[Site "Lillehammer NOR"]
[Date "2013.07.02"]
[Round "5.5"]
[White "Devereaux, Maxim L"]
[Black "Urkedal, Frode"]
[Result "0-1"]
[WhiteTitle "IM"]
[BlackTitle "IM"]
[WhiteElo "2356"]
[BlackElo "2470"]
[WhiteFideId "408280"]
[BlackFideId "1506102"]
[EventDate "2013.06.29"]

1. e4 e5 2. Nf3 Nc6 3. Bb5 a6 4. Ba4 Nf6 5. d4 exd4 6. O-O Be7 7. Re1 b5 8. Bb3
d6 9. Bd5 Nxd5 10. exd5 Ne5 11. Nxd4 O-O 12. Nc3 Re8 13. Bf4 Bf8 14. Ne4 Qd7 15.
Qh5 Qg4 16. Qxg4 Bxg4 17. f3 Bd7 18. b3 h6 19. Bd2 f5 20. Nf2 g5 21. Ba5 Rac8
22. Rad1 Bg7 23. Kf1 Kf7 24. Bb4 Re7 25. h3 Rce8 26. Ba5 Rc8 27. Bb4 Ng6 28.
Rxe7+ Nxe7 29. Ne2 f4 30. Ne4 Nf5 31. Kf2 Kg6 32. Rd3 Ne3 33. Rxe3 fxe3+ 34.
Kxe3 Re8 35. Kf2 Bf5 36. N2g3 Bd4+ 37. Ke2 Bb6 38. Kd3 Bc8 39. Bd2 a5 40. c4 Ba6
41. a4 bxc4+ 42. bxc4 c6 43. Nc3 Re5 44. dxc6 d5 45. Nb5 dxc4+ 46. Kxc4 Rc5+ 47.
Kb3 Bxb5 48. axb5 Rxb5+ 49. Ka4 Rc5 50. Ne4 Rxc6 51. Kb5 Re6 52. Bc3 Bc7 53. g4
Rb6+ 54. Kc5 a4 55. Bb4 Rb7 56. Kc4 Bd8 57. Nc3 Rf7 58. Nxa4 Rf4+ 59. Kb5 Rxf3
60. Bd6 Rxh3 61. Nc5 Rh4 62. Nd3 Bf6 63. Nf2 Bd4 0-1

[Event "ch-NOR 2013"]
[Site "Lillehammer NOR"]
[Date "2013.07.02"]
[Round "5.6"]
[White "Moen, Ole Christian"]
[Black "Ostenstad, Berge"]
[Result "0-1"]
[WhiteTitle "FM"]
[BlackTitle "GM"]
[WhiteElo "2234"]
[BlackElo "2467"]
[WhiteFideId "1500457"]
[BlackFideId "1500058"]
[EventDate "2013.06.29"]

1. e4 c5 2. Nf3 d6 3. d4 cxd4 4. Nxd4 Nf6 5. Bd3 Nc6 6. Nxc6 bxc6 7. O-O g6 8.
b3 Bg7 9. Bb2 O-O 10. Nd2 Qc7 11. Nc4 e5 12. Re1 Be6 13. Qd2 Rfd8 14. Bc3 Nd7
15. Bb4 Nb6 16. Qe2 Nxc4 17. Bxc4 d5 18. Bd3 f5 19. exf5 gxf5 20. Bc3 e4 21.
Bxg7 Qxg7 22. Qe3 d4 23. Qe2 Kh8 24. Bc4 Rg8 25. g3 Bxc4 26. Qxc4 Qf6 27. Rad1
Rad8 28. Rd2 Rd6 29. Red1 Rgd8 30. a4 Rd5 31. b4 f4 32. gxf4 Qxf4 33. Rxd4 Rxd4 0-1

[Event "ch-NOR 2013"]
[Site "Lillehammer NOR"]
[Date "2013.07.02"]
[Round "5.7"]
[White "Djurhuus, Rune"]
[Black "Tari, Aryan"]
[Result "1/2-1/2"]
[WhiteTitle "GM"]
[BlackTitle "FM"]
[WhiteElo "2455"]
[BlackElo "2354"]
[WhiteFideId "1500082"]
[BlackFideId "1510045"]
[EventDate "2013.06.29"]

1. e4 c6 2. Nf3 d5 3. Nc3 Bg4 4. h3 Bxf3 5. Qxf3 e6 6. d4 dxe4 7. Nxe4 Nd7 8. c3
Ngf6 9. Bd3 Be7 10. O-O O-O 11. Re1 Nxe4 12. Bxe4 Nf6 13. Bc2 Qd5 14. Qd3 Rfd8
15. Re5 Qd7 16. Bg5 g6 17. Rae1 Nd5 18. Bxe7 Qxe7 19. Qf3 a5 20. Bb3 Qh4 21. g4
a4 22. Bc4 Nb6 23. Bf1 Nd7 24. R5e3 Nb6 25. Re5 Nd7 26. R5e2 Nf6 27. Re5 Nd7 1/2-1/2

[Event "ch-NOR 2013"]
[Site "Lillehammer NOR"]
[Date "2013.07.02"]
[Round "5.8"]
[White "Moen, Andreas"]
[Black "Stokke, Kjetil"]
[Result "1/2-1/2"]
[WhiteTitle "IM"]
[BlackTitle "IM"]
[WhiteElo "2410"]
[BlackElo "2385"]
[WhiteFideId "1501453"]
[BlackFideId "1502964"]
[EventDate "2013.06.29"]

1. e4 c6 2. d4 d5 3. Nd2 dxe4 4. Nxe4 Nd7 5. Nf3 Ngf6 6. Nxf6+ Nxf6 7. Be2 g6 8.
O-O Bg7 9. c4 O-O 10. Qb3 e5 11. dxe5 Ng4 12. Bf4 Qa5 13. Rfe1 Nxe5 14. Nxe5
Bxe5 15. Bxe5 Qxe5 16. Bf3 Qc7 17. h4 Be6 18. h5 Rad8 19. h6 Rd4 20. Rad1 Rfd8
21. Rxd4 Rxd4 22. Qc3 c5 23. Re4 Qd6 24. Rxd4 cxd4 25. Qa5 Qf8 26. Qxa7 Qxh6 27.
Qb8+ Kg7 28. Qe5+ Kg8 29. Qb8+ Kg7 30. Qe5+ Kg8 31. Qxd4 Qc1+ 32. Kh2 Qh6+ 33.
Kg1 Qc1+ 34. Kh2 Qh6+ 35. Kg1 1/2-1/2

[Event "ch-NOR 2013"]
[Site "Lillehammer NOR"]
[Date "2013.07.02"]
[Round "5.9"]
[White "Hole, Oystein"]
[Black "Lovik, Lasse Ostebo"]
[Result "1/2-1/2"]
[WhiteTitle "IM"]
[BlackTitle "FM"]
[WhiteElo "2353"]
[BlackElo "2311"]
[WhiteFideId "1501526"]
[BlackFideId "1505033"]
[EventDate "2013.06.29"]

1. Nf3 Nf6 2. c4 e6 3. Nc3 d5 4. d4 Be7 5. Bg5 h6 6. Bh4 O-O 7. e3 b6 8. Be2 Bb7
9. Bxf6 Bxf6 10. cxd5 exd5 11. O-O Re8 12. Qb3 c6 13. Rad1 Nd7 14. Rfe1 Nf8 15.
Bf1 Ne6 16. g3 g6 17. Bg2 Bg7 18. Rd2 a5 19. a4 Rb8 20. Qd1 Re7 21. Qb3 1/2-1/2

[Event "ch-NOR 2013"]
[Site "Lillehammer NOR"]
[Date "2013.07.02"]
[Round "5.10"]
[White "Kvisvik, Brede"]
[Black "Stubberud, Ornulf"]
[Result "0-1"]
[WhiteTitle "FM"]
[BlackTitle "FM"]
[WhiteElo "2312"]
[BlackElo "2327"]
[WhiteFideId "1502999"]
[BlackFideId "1503758"]
[EventDate "2013.06.29"]

1. d4 Nf6 2. c4 g6 3. Nc3 Bg7 4. e4 d6 5. Nf3 O-O 6. Be2 e5 7. O-O Na6 8. Be3 c6
9. Qc2 Ng4 10. Bg5 Qe8 11. Rad1 h6 12. Bc1 Nf6 13. a3 Nc7 14. b4 Bg4 15. Be3
exd4 16. Nxd4 Bxe2 17. Ndxe2 Qe6 18. Qd3 Rfd8 19. Bf4 Nce8 20. Nd4 Qe7 21. Rfe1
Ng4 22. Qh3 Ne5 23. b5 Rac8 24. bxc6 bxc6 25. Bxh6 Nxc4 26. Bxg7 Nxg7 27. Rd3
Qe5 28. Nf3 Qh5 29. Qxh5 Nxh5 30. g3 Ng7 31. Nd4 Ne5 32. Rde3 Ne6 33. Nxe6 fxe6
34. Ne2 c5 35. Rb1 Nc4 36. Rd3 Rb8 37. Rdb3 Rxb3 38. Rxb3 Nd2 39. Rb7 g5 40. Nc3
d5 41. exd5 exd5 42. Rc7 c4 43. Kg2 d4 44. Na4 a6 45. Nb2 c3 46. Nd3 Rd5 47. a4
g4 48. h3 gxh3+ 49. Kxh3 Ra5 50. Nc5 Rxc5 51. Rxc5 Ne4 52. Rc8+ Kf7 53. Kg2 d3
54. Kf3 c2 55. Kxe4 d2 56. Rxc2 d1=Q 57. Rc4 Qe2+ 58. Kd5 Qd3+ 59. Kc5 Ke6 60.
Rf4 Qd6+ 61. Kc4 Qd5+ 62. Kc3 a5 63. Kb2 Qd2+ 64. Kb3 Qc1 65. Re4+ Kd5 66. Rf4
Ke5 67. Rh4 Qd1+ 68. Kc3 Qe1+ 69. Kd3 Qxf2 70. Rh5+ Kd6 71. Rxa5 Qxg3+ 72. Kc4
Qf4+ 73. Kb5 Qf5+ 74. Kb4 Qe4+ 75. Kb5 Qd5+ 76. Kb4 Qd4+ 77. Kb3 Qd3+ 78. Kb4
Qd2+ 79. Kb5 Qb2+ 80. Kc4 Qa3 81. Ra6+ Kc7 82. Ra5 Kb6 83. Rb5+ Ka6 84. Rb3
Qxa4+ 85. Kc3 Qc6+ 86. Kb2 Qg2+ 87. Kb1 Ka5 88. Ka1 Ka4 89. Rb2 Qg1+ 90. Ka2
Qg8+ 91. Kb1 Ka3 92. Rd2 Kb3 93. Rd3+ Kc4 94. Rd2 Kc3 95. Rc2+ Kd3 96. Kb2 Qg7+
97. Kb1 Qe5 98. Rb2 Kc3 99. Ka2 Qd5+ 100. Kb1 Qd1+ 101. Ka2 Qd4 102. Kb1 Qa4
103. Rb8 Qe4+ 104. Ka2 Qd5+ 105. Ka1 Qe5 106. Rb2 Qf6 107. Kb1 Qf1+ 108. Ka2
Qa6+ 109. Kb1 Qa4 110. Rh2 Qd1+ 111. Ka2 Qd5+ 112. Kb1 Qd3+ 113. Ka1 Qd1+ 114.
Ka2 Qb3+ 115. Ka1 Qa3+ 116. Kb1 Qb4+ 117. Ka1 Qa5+ 118. Ra2 Qc5 119. Re2 Qa3+
120. Kb1 Qb4+ 121. Kc1 Qf4+ 122. Kd1 Qf1+ 0-1

[Event "ch-NOR 2013"]
[Site "Lillehammer NOR"]
[Date "2013.07.02"]
[Round "5.11"]
[White "Kvisla, Johannes Luangtep"]
[Black "Chavannes, Ivar"]
[Result "1/2-1/2"]
[WhiteElo "2175"]
[BlackElo "2181"]
[WhiteFideId "1504533"]
[BlackFideId "1502069"]
[EventDate "2013.06.29"]

1. d4 Nf6 2. c4 e6 3. Nc3 Bb4 4. e3 Bxc3+ 5. bxc3 c5 6. Bd3 Nc6 7. Ne2 d6 8. O-O
e5 9. Ng3 g6 10. d5 Na5 11. f4 Bg4 12. Qa4+ Bd7 13. Qc2 Qe7 14. e4 Ng4 15. h3
Qh4 16. hxg4 Qxg3 17. fxe5 dxe5 18. Qf2 Qxf2+ 19. Rxf2 h6 20. Be2 Rh7 21. Be3 b6
22. g3 Ke7 23. g5 h5 24. Rf6 Nb7 25. a4 Na5 26. Rb1 Rc8 27. Rd1 Bxa4 28. d6+ Kf8
29. Rd5 Re8 30. d7 Rd8 31. Rxe5 Rxd7 32. Rd5 Ke7 33. Bxc5+ bxc5 34. Ra6 Nb7 35.
Rxa4 a5 36. Ra1 Rh8 37. Bd1 Rhd8 38. Ba4 Rc7 39. e5 Ke6 40. Rad1 Rxd5 41. Rxd5
Ke7 42. Kf2 Nd8 43. Rd6 Rb7 44. Ke3 Ne6 45. Ra6 Rb1 46. Ra7+ Kf8 47. Ke4 Rg1 48.
Bd7 Re1+ 49. Kd5 Nxg5 50. Kxc5 Ne4+ 51. Kd4 Nxg3 52. c5 Ne2+ 53. Kd3 Nf4+ 54.
Kd4 Ne2+ 55. Kd3 Nf4+ 56. Kc4 Re4+ 57. Kb3 Rxe5 58. c6 Nd5 59. c7 Nxc7 60. Rxc7
f5 61. Kc4 Re7 62. Rc8+ Kg7 63. Bc6 f4 64. Kd4 g5 65. Ra8 g4 66. Rxa5 f3 67.
Rxh5 f2 68. Rf5 g3 69. Bg2 Re1 70. Rg5+ Kh6 71. Rxg3 Rg1 72. Rf3 Rxg2 73. Ke3
Kg5 74. Rxf2 Rxf2 75. Kxf2 Kf4 76. Ke2 Ke4 77. Kd2 Kd5 1/2-1/2

[Event "ch-NOR 2013"]
[Site "Lillehammer NOR"]
[Date "2013.07.03"]
[Round "6.3"]
[White "Lie, Espen"]
[Black "Johannessen, Leif Erlend"]
[Result "1/2-1/2"]
[WhiteTitle "IM"]
[BlackTitle "GM"]
[WhiteElo "2457"]
[BlackElo "2520"]
[WhiteFideId "1502611"]
[BlackFideId "1501674"]
[EventDate "2013.06.29"]

1. Nf3 Nf6 2. g3 b5 3. Bg2 Bb7 4. O-O e6 5. d3 c5 6. e4 d6 7. Re1 Nbd7 8. a4 b4
9. Nbd2 Be7 10. Nc4 O-O 11. a5 Rc8 12. Bf4 e5 13. Bd2 Ne8 14. c3 bxc3 15. bxc3
Ba6 16. Qa4 Nc7 17. h4 Nf6 18. Bf1 Ne6 19. Ng5 Ne8 20. Nf3 Nf6 21. Ng5 Ne8 22.
Nf3 1/2-1/2

[Event "ch-NOR 2013"]
[Site "Lillehammer NOR"]
[Date "2013.07.03"]
[Round "6.4"]
[White "Tari, Aryan"]
[Black "Devereaux, Maxim L"]
[Result "1/2-1/2"]
[WhiteTitle "FM"]
[BlackTitle "IM"]
[WhiteElo "2354"]
[BlackElo "2356"]
[WhiteFideId "1510045"]
[BlackFideId "408280"]
[EventDate "2013.06.29"]

1. e4 e5 2. Nf3 Nc6 3. Bc4 Nf6 4. d3 Bc5 5. c3 a6 6. O-O Ba7 7. Bb3 d6 8. Nbd2
h6 9. Re1 Ng4 10. Re2 Be6 11. h3 Nf6 12. Bc2 g5 13. Nf1 g4 14. hxg4 Bxg4 15.
N1h2 Qd7 16. Be3 Rg8 17. Bxa7 Nxa7 18. Re3 O-O-O 19. d4 Qe7 20. Qe1 Nh5 21. Nxg4
Rxg4 22. Nh2 Rg5 23. Bd1 Rdg8 24. g3 exd4 25. cxd4 Nc6 26. Qc3 Qd7 27. Kh1 Kb8
28. Ba4 b5 29. Bb3 Nf6 30. Bxf7 Qxf7 31. Qxc6 Rh5 32. Rf3 Qe6 33. Rf5 Rxf5 34.
exf5 Qxf5 35. Rc1 Qe4+ 36. Qxe4 Nxe4 37. Kg2 c5 38. dxc5 Nxc5 39. Rd1 Kc7 40.
Nf3 Rf8 41. Nd4 Rf6 42. f4 Kb6 43. Kf3 a5 44. g4 Nd7 45. Nf5 h5 46. Ne3 hxg4+
47. Nxg4 Ne5+ 48. Kg3 Nxg4 49. Kxg4 Rg6+ 50. Kf3 Rh6 51. Rd2 d5 52. Rxd5 Rh2 53.
f5 Kc6 54. Re5 Rxb2 55. f6 Rb1 56. Rf5 Kd7 57. f7 Rf1+ 58. Ke4 Rxf5 59. Kxf5 Ke7
60. Ke4 1/2-1/2

[Event "ch-NOR 2013"]
[Site "Lillehammer NOR"]
[Date "2013.07.03"]
[Round "6.5"]
[White "Lie, Kjetil A."]
[Black "Djurhuus, Rune"]
[Result "1/2-1/2"]
[WhiteTitle "GM"]
[BlackTitle "GM"]
[WhiteElo "2532"]
[BlackElo "2455"]
[WhiteFideId "1501984"]
[BlackFideId "1500082"]
[EventDate "2013.06.29"]

1. f4 g6 2. Nf3 Bg7 3. d3 c5 4. e4 Nc6 5. Be2 e6 6. c3 Nge7 7. O-O d6 8. Be3 f5
9. Na3 b6 10. Qe1 Ba6 11. Rd1 O-O 12. b4 fxe4 13. dxe4 Bxc3 14. Qf2 Bxe2 15.
Qxe2 Bxb4 16. Nc4 d5 17. f5 Nd4 18. Nxd4 cxd4 19. Bxd4 dxc4 20. Qxc4 Qc8 21.
Qxb4 Nc6 22. Qb3 Nxd4 23. Rxd4 Rf7 24. fxe6 Re7 25. Qd5 Qb7 26. Rc1 Rae8 27.
Qxb7 Rxb7 28. Rd7 Re7 29. Rcd1 Kf8 30. e5 Rb8 31. Rf1+ Ke8 32. Rf7 Rxf7 33. Rxf7
b5 34. Rxh7 Rb6 35. Rxa7 Rxe6 36. Kf2 Rxe5 37. Kf3 Kf8 38. h4 Rc5 39. Kg4 Kg8
40. g3 Kf8 41. Kf4 b4 42. Kg4 Rb5 43. Rd7 Kg8 44. Rd3 Kg7 45. Rb3 Ra5 46. Rb2
Kf6 47. Kf4 Ra4 48. Ke3 Ra3+ 49. Kd4 Rxg3 50. Rxb4 Ra3 51. Rb2 Ra4+ 52. Kc5 Rxh4
53. Kb5 Rh8 54. Rf2+ Ke5 55. a4 g5 56. a5 g4 57. a6 Ke4 58. a7 g3 59. Ra2 1/2-1/2

[Event "ch-NOR 2013"]
[Site "Lillehammer NOR"]
[Date "2013.07.03"]
[Round "6.6"]
[White "Ostenstad, Berge"]
[Black "Stokke, Kjetil"]
[Result "1/2-1/2"]
[WhiteTitle "GM"]
[BlackTitle "IM"]
[WhiteElo "2467"]
[BlackElo "2385"]
[WhiteFideId "1500058"]
[BlackFideId "1502964"]
[EventDate "2013.06.29"]

1. d4 Nf6 2. Nf3 g6 3. c4 Bg7 4. Nc3 O-O 5. e4 d6 6. h3 e5 7. d5 a5 8. Bg5 Na6
9. Be2 Qe8 10. O-O Nd7 11. Nd2 f6 12. Bh4 Bh6 13. Bg4 Ndc5 14. Bxc8 Rxc8 15. Qe2
Nb4 16. Nb3 Nxb3 17. axb3 b6 18. f3 f5 19. Nb5 Na6 20. Bf2 Qe7 21. Na7 Ra8 22.
Nc6 Qg5 23. Rad1 Nb8 24. Nxb8 Raxb8 25. Rd3 Rf7 26. exf5 gxf5 27. Be3 f4 28. Bd2
Qh5 29. b4 axb4 30. Bxb4 Rg7 31. Kh2 Kh8 32. Ra3 Rbg8 33. Rg1 Bg5 34. Bd2 Bh4
35. b4 Qg6 36. Raa1 Qc2 37. Kh1 Qb2 38. Rad1 Qb3 39. Rb1 Rxg2 40. Qxg2 Rxg2 41.
Rxb3 Rxd2 42. Rg4 Bg3 43. Ra3 h5 44. Rg5 h4 45. Ra7 Re2 46. Rxc7 Re1+ 47. Kg2
Re2+ 48. Kf1 Re1+ 49. Kg2 1/2-1/2

[Event "ch-NOR 2013"]
[Site "Lillehammer NOR"]
[Date "2013.07.03"]
[Round "6.7"]
[White "Stubberud, Ornulf"]
[Black "Holm, Kristian Stuvik"]
[Result "1/2-1/2"]
[WhiteTitle "FM"]
[BlackTitle "FM"]
[WhiteElo "2327"]
[BlackElo "2255"]
[WhiteFideId "1503758"]
[BlackFideId "1508083"]
[EventDate "2013.06.29"]

1. e4 c5 2. Nf3 g6 3. d4 cxd4 4. Nxd4 Bg7 5. c4 Nc6 6. Be3 Qb6 7. Nb5 Qa5+ 8.
N5c3 d6 9. Be2 Qb4 10. Qb3 Nf6 11. f3 Be6 12. Qxb4 Nxb4 13. Na3 Nd7 14. Kd2 Nc5
15. Nab5 O-O 16. Rab1 Rfc8 17. b3 a6 18. Nd4 Nc6 19. Nxc6 Bxc3+ 20. Kxc3 Rxc6
21. Kd2 1/2-1/2

[Event "ch-NOR 2013"]
[Site "Lillehammer NOR"]
[Date "2013.07.03"]
[Round "6.8"]
[White "Lovik, Lasse Ostebo"]
[Black "Moen, Andreas"]
[Result "1/2-1/2"]
[WhiteTitle "FM"]
[BlackTitle "IM"]
[WhiteElo "2311"]
[BlackElo "2410"]
[WhiteFideId "1505033"]
[BlackFideId "1501453"]
[EventDate "2013.06.29"]

1. e4 e5 2. Nf3 Nc6 3. Bb5 a6 4. Ba4 Nf6 5. O-O Be7 6. d3 d6 7. c4 O-O 8. h3 Bd7
9. Nc3 Qe8 10. Be3 Bd8 11. Nh2 Ne7 12. Bc2 Ng6 13. d4 b5 14. cxb5 axb5 15. d5 b4
16. Ne2 c6 17. dxc6 Bxc6 18. Ng3 d5 19. exd5 Nxd5 20. Bc5 Be7 21. Bxe7 Qxe7 22.
Rc1 Bb7 23. Be4 Rfd8 24. Qb3 Ngf4 25. Rfe1 g6 26. Ng4 h5 27. Ne3 Nxe3 28. Rxe3
Rd2 29. Rce1 h4 30. Ne2 Nd5 31. Rd3 Rxd3 32. Qxd3 Nf6 33. Bxb7 Qxb7 34. a3 bxa3
35. bxa3 Kg7 36. Qc4 Qe4 37. Qxe4 Nxe4 38. Nc1 f5 39. f3 Ng3 40. Rxe5 Rxa3 41.
Rc5 Kf6 42. Kf2 Kg5 43. Rc2 Ra1 44. Ne2 f4 45. Rc5+ Nf5 46. Nd4 Ra2+ 47. Kg1
Ra1+ 48. Kh2 Rd1 49. Nxf5 gxf5 1/2-1/2

[Event "ch-NOR 2013"]
[Site "Lillehammer NOR"]
[Date "2013.07.03"]
[Round "6.9"]
[White "Getz, Nicolai"]
[Black "Hole, Oystein"]
[Result "0-1"]
[WhiteTitle "IM"]
[BlackTitle "IM"]
[WhiteElo "2359"]
[BlackElo "2353"]
[WhiteFideId "1505572"]
[BlackFideId "1501526"]
[EventDate "2013.06.29"]

1. e4 c6 2. c4 d5 3. exd5 cxd5 4. d4 Nf6 5. Nc3 e6 6. c5 Be7 7. Nf3 O-O 8. Qc2
b6 9. b4 Bd7 10. Rb1 a5 11. a3 axb4 12. axb4 Nc6 13. b5 Nxd4 14. Nxd4 bxc5 15.
Nc6 Bxc6 16. bxc6 c4 17. Nb5 Qb6 18. c7 Bc5 19. Bg5 Ne4 20. Bd8 Bb4+ 21. Nc3
Bxc3+ 22. Kd1 Qd4+ 0-1

[Event "ch-NOR 2013"]
[Site "Lillehammer NOR"]
[Date "2013.07.03"]
[Round "6.10"]
[White "Chavannes, Ivar"]
[Black "Kvisvik, Brede"]
[Result "0-1"]
[BlackTitle "FM"]
[WhiteElo "2181"]
[BlackElo "2312"]
[WhiteFideId "1502069"]
[BlackFideId "1502999"]
[EventDate "2013.06.29"]

1. d4 d5 2. c4 dxc4 3. e3 b5 4. a4 b4 5. Bxc4 Nf6 6. Nf3 e6 7. O-O Be7 8. Nbd2
O-O 9. Qe2 Nbd7 10. e4 Bb7 11. e5 Nd5 12. Ne4 c5 13. dxc5 Nxc5 14. Nxc5 Bxc5 15.
Ba6 Bxa6 16. Qxa6 Qb6 17. Qxb6 axb6 18. Bd2 h6 19. Rfc1 Rfc8 20. Kf1 Rc7 21. b3
Rac8 22. Ke2 Ne7 23. a5 Nd5 24. axb6 Bxb6 25. Rxc7 Rxc7 26. Rc1 Ra7 27. Be3 Ra2+
28. Nd2 Bc7 29. f4 g5 30. g3 Kg7 31. Kd3 Kg6 32. Nf3 Rb2 33. Nd2 gxf4 34. Bxf4
f6 35. Re1 Kf5 36. Re4 h5 37. exf6 Nxf4+ 38. gxf4 Rxd2+ 0-1

[Event "ch-NOR 2013"]
[Site "Lillehammer NOR"]
[Date "2013.07.03"]
[Round "6.11"]
[White "Kvisla, Johannes Luangtep"]
[Black "Moen, Ole Christian"]
[Result "1/2-1/2"]
[BlackTitle "FM"]
[WhiteElo "2175"]
[BlackElo "2234"]
[WhiteFideId "1504533"]
[BlackFideId "1500457"]
[EventDate "2013.06.29"]

1. d4 Nf6 2. c4 g6 3. Nc3 Bg7 4. e4 d6 5. Be2 O-O 6. Nf3 Na6 7. O-O e5 8. Be3
Ng4 9. Bg5 f6 10. Bc1 h5 11. h3 Nh6 12. dxe5 dxe5 13. Be3 c6 14. Qc1 Kh7 15. Rd1
Qe7 16. c5 Be6 17. Bxa6 bxa6 18. Rd6 Rfc8 19. Bxh6 Bxh6 20. Qf1 Bf8 21. Qxa6 Qe8
22. Rd2 Bxc5 23. Rad1 Rc7 24. a3 Qf7 25. Na4 Bf8 26. Rd8 Rxd8 27. Rxd8 Kg7 28.
Qa5 c5 29. Nc3 Rd7 30. Rxd7 Qxd7 31. Nb5 Bc4 32. Nxa7 Qb7 33. a4 Qxb2 34. Qc7+
Kg8 35. Qc6 Qc1+ 36. Kh2 Qf4+ 37. Kg1 Bf7 38. Nb5 c4 39. a5 Qc1+ 40. Kh2 Qf4+
41. Kh1 Qc1+ 42. Ng1 c3 43. Nxc3 Qa3 44. a6 Qc5 45. Qxc5 Bxc5 46. Nb5 Be8 47. a7
Bc6 48. f3 Kf7 49. Ne2 Ke7 50. Nec3 Kd7 51. Nd5 f5 52. g4 hxg4 53. hxg4 Kc8 54.
gxf5 gxf5 55. Nbc3 fxe4 56. fxe4 Bxa7 57. Ne7+ 1/2-1/2

[Event "ch-NOR 2013"]
[Site "Lillehammer NOR"]
[Date "2013.07.04"]
[Round "7.1"]
[White "Hammer, Jon Ludvig"]
[Black "Tari, Aryan"]
[Result "1-0"]
[WhiteTitle "GM"]
[BlackTitle "FM"]
[WhiteElo "2599"]
[BlackElo "2354"]
[WhiteFideId "1503707"]
[BlackFideId "1510045"]
[EventDate "2013.06.29"]

1. d4 Nf6 2. c4 e6 3. Nf3 d5 4. g3 dxc4 5. Bg2 Bb4+ 6. Bd2 c5 7. a3 Bxd2+ 8.
Nbxd2 cxd4 9. Nxc4 Nc6 10. O-O O-O 11. Rc1 a5 12. Qb3 a4 13. Qb5 Nd7 14. Rfd1 e5
15. Nfd2 Nf6 16. Nxe5 Ra5 17. Nxc6 Rxb5 18. Nxd8 Rxd8 19. Ne4 Nxe4 20. Rxd4 Rf8
21. Bxe4 Rxb2 22. Bd3 b5 23. Rc5 Ra2 24. Bxb5 Rxa3 25. Bc4 Bh3 26. f3 Re3 27. g4
Re7 28. Rh5 1-0

[Event "ch-NOR 2013"]
[Site "Lillehammer NOR"]
[Date "2013.07.04"]
[Round "7.2"]
[White "Urkedal, Frode"]
[Black "Elsness, Frode"]
[Result "0-1"]
[WhiteTitle "IM"]
[BlackTitle "IM"]
[WhiteElo "2470"]
[BlackElo "2494"]
[WhiteFideId "1506102"]
[BlackFideId "1501100"]
[EventDate "2013.06.29"]

1. Nf3 Nf6 2. c4 c5 3. Nc3 e6 4. g3 b6 5. Bg2 Bb7 6. O-O a6 7. d4 cxd4 8. Qxd4
d6 9. Rd1 Be7 10. e4 Nbd7 11. b3 Qc7 12. Ba3 Nc5 13. e5 dxe5 14. Qxe5 Rc8 15.
Qxc7 Rxc7 16. Ne5 Bxg2 17. Kxg2 Ncd7 18. Nxd7 Bxa3 19. Nxf6+ gxf6 20. Rd3 f5 21.
Rad1 Ke7 22. Ne2 b5 23. cxb5 axb5 24. Nd4 Rb8 25. b4 Bxb4 26. Rb3 Bc5 27. Nxb5
Rd7 28. Rc1 Bb6 29. Rc6 Ba5 30. Ra6 Bd2 31. a4 Kf6 32. Rc6 Ra8 33. Rc4 Rad8 34.
Rc6 Be1 35. Rb1 Rd1 36. Rcc1 Rxc1 37. Rxc1 Ba5 38. Rc2 Rd3 39. Na7 Ra3 40. Nc6
Rxa4 41. Nxa5 Rxa5 42. Rc4 Re5 43. Kf3 Re1 44. Ra4 Rb1 45. Rc4 h6 46. Ra4 Rb3+
47. Kg2 e5 48. Ra6+ Kg7 49. Ra5 f6 50. Ra4 Kg6 51. h3 e4 52. Rc4 Kg5 53. Ra4 h5
54. h4+ Kg6 55. Rc4 Rb1 56. Ra4 Re1 57. Ra5 Rb1 58. Ra4 Rb8 59. Rc4 Re8 60. Rc5
Re5 61. Rc4 Kf7 62. Ra4 Rd5 63. Ra7+ Ke6 64. Rh7 f4 65. gxf4 Ra5 66. Rh8 Kf7 67.
Kg3 Kg6 68. Kg2 Ra2 69. Kf1 Ra3 70. f5+ Kxf5 71. Rxh5+ Kg4 72. Rb5 f5 73. Re5
Kf4 74. Rb5 Rh3 75. Rb8 Rxh4 76. Rf8 Rh5 77. Ke2 Kg4 78. Rg8+ Rg5 79. Rh8 Kf4
80. Rh4+ Rg4 81. Rh8 Rg7 82. Rf8 Ra7 83. Kf1 Ra2 84. Rg8 Rb2 85. Ke1 Rb5 86. Ke2
Rb7 87. Kf1 Rh7 88. Kg2 Rh5 89. Kf1 Rg5 90. Rh8 Kf3 91. Rh3+ Kg4 92. Rh8 f4 93.
Ke2 Ra5 94. Rg8+ Kf5 95. Rf8+ Ke5 96. Re8+ Kd4 97. Rd8+ Rd5 98. Re8 f3+ 99. Kd2
Rd7 100. Kc2 Ra7 101. Rd8+ Ke5 102. Re8+ Kf5 103. Rf8+ Kg4 104. Rg8+ Kh3 105.
Kd2 Ra2+ 106. Ke3 Re2+ 107. Kf4 Kh2 108. Rg4 Kh1 109. Rg3 Re1 110. Kf5 Rg1 111.
Rh3+ Kg2 112. Rh8 e3 0-1

[Event "ch-NOR 2013"]
[Site "Lillehammer NOR"]
[Date "2013.07.04"]
[Round "7.4"]
[White "Djurhuus, Rune"]
[Black "Lie, Espen"]
[Result "1-0"]
[WhiteTitle "GM"]
[BlackTitle "IM"]
[WhiteElo "2455"]
[BlackElo "2457"]
[WhiteFideId "1500082"]
[BlackFideId "1502611"]
[EventDate "2013.06.29"]

1. e4 Nf6 2. e5 Nd5 3. d4 d6 4. Nf3 dxe5 5. Nxe5 c6 6. Nd2 Nd7 7. Nd3 g6 8. Nf3
Bg7 9. Be2 O-O 10. O-O N7b6 11. h3 Bf5 12. Nc5 Nd7 13. Nb3 Nb4 14. Ne1 e5 15. a3
Nd5 16. c4 N5b6 17. Be3 Be6 18. Qc2 f5 19. f4 exd4 20. Bxd4 Qe7 21. Nf3 Rad8 22.
Rfe1 Bxd4+ 23. Nbxd4 Bf7 24. Bf1 Qf6 25. b4 Rfe8 26. Nb3 Nc8 27. Na5 b6 28. Nb7
Rxe1 29. Rxe1 Re8 30. Rxe8+ Bxe8 31. c5 Bf7 32. Bc4 Ne7 33. Bxf7+ Qxf7 34. cxb6
axb6 35. a4 Qd5 36. a5 Nb8 37. Qc3 c5 38. bxc5 Qxb7 39. cxb6 Nd5 40. Qe5 Nd7 41.
Qe6+ Kg7 42. Kh2 N7f6 43. Ne5 Nb4 44. Qd6 Na6 45. Qd8 Nh5 46. Nd7 Kf7 47. Nc5 1-0